• 首页
  • 本馆介绍
  • 公告通知
  • 最新文献
  • 馆藏检索
  • 电子资源
  • 读者导购
  • 参考咨询
  • 我的图书馆
  • 登录
  • 详细信息显示
  • 放入我的书架
  • 预约/预借图书
  • 作者相关作品
  • 分类相关作品
  • 丛书相关作品
  • 出版社相关作品

书目信息

  • 表格格式
  • 工作单格式
  • 卡片格式
题名:
新型彩色电视机微处理器控制系统工作原理与故障检修
    
 
作者: 屈振华 , 刘克友 编著
分册:  
出版信息: 北京   人民邮电出版社  2002.12
页数: 381页
开本: 26cm
丛书名:
单 册:
中图分类: TN949.12
科图分类:
主题词: 电视--各种体制
电子资源:
ISBN: 7-115-10664-9
000 00720nam0 2200205 45
001 0333799342
005 2003111209231911
010    @a7-115-10664-9@dRMB 32.00
100    @a20031112d2002 km y0chiy0120 ea
101 0  @achi
102    @aCN@b110000
200 1  @a新型彩色电视机微处理器控制系统工作原理与故障检修@Axin xing cai se dian shi ji wei chu li qi kong zhi xi tong gong zuo yuan li yu gu zhang jian xiu@f屈振华,刘克友编著@Fqu zhen hua,liu ke you bian zhu
210    @a北京@c人民邮电出版社@d2002.12
215    @a381页@d26cm
606 0  @a电视@x各种体制
690    @aTN949.12@v3
701  0 @a屈振华@Aqu zhen hua@4编著
701  0 @a刘克友@Aliu ke you@4编著
801  0 @aCN@bPFT@c20031112
905    @aBZT@dTN949.12@e3@f6
    
    新型彩色电视机微处理器控制系统工作原理与故障检修/屈振华,刘克友编著.-北京:人民邮电出版社,2002.12
    381页;26cm
    
    
    ISBN 7-115-10664-9:RMB 32.00
    
●
相关链接 在五车中查询图书 在当当中查询图书 在豆瓣中查询图书


正题名:新型彩色电视机微处理器控制系统工作原理与故障检修     索取号:TN949.12/3         预约/预借

序号 登录号 条形码 馆藏地/架位号 状态 备注
1 2001061541   2001061541   样本书库/样008架B面1层3列/ [索取号:TN949.12/3] 在馆    
山东省滨州职业学院图书馆 欢迎您!
大连网信软件有限公司© 版权所有